<?xml version="1.0" encoding="UTF-8"?>
<record
    xmlns:xsi="http://www.w3.org/2001/XMLSchema-instance"
    xsi:schemaLocation="http://www.loc.gov/MARC21/slim http://www.loc.gov/standards/marcxml/schema/MARC21slim.xsd"
    xmlns="http://www.loc.gov/MARC21/slim">

  <leader>01195nam a22002537a 4500</leader>
  <controlfield tag="001">9018</controlfield>
  <controlfield tag="003">FISKH</controlfield>
  <controlfield tag="005">20251114101213.0</controlfield>
  <controlfield tag="008">251114b        cb ||||| |||| 00| 0 eng d</controlfield>
  <datafield tag="020" ind1=" " ind2=" ">
    <subfield code="a">9789831459898</subfield>
  </datafield>
  <datafield tag="040" ind1=" " ind2=" ">
    <subfield code="a">FISKH</subfield>
    <subfield code="b">eng</subfield>
    <subfield code="c">FISKH</subfield>
    <subfield code="d">FISKH</subfield>
  </datafield>
  <datafield tag="082" ind1=" " ind2=" ">
    <subfield code="a">372.6</subfield>
  </datafield>
  <datafield tag="100" ind1=" " ind2=" ">
    <subfield code="a">Anonymous </subfield>
  </datafield>
  <datafield tag="245" ind1=" " ind2=" ">
    <subfield code="a">Jack's pet &amp; breakfast time /</subfield>
  </datafield>
  <datafield tag="260" ind1=" " ind2=" ">
    <subfield code="a">Kula Lampur : </subfield>
    <subfield code="b">Mind to Mind, </subfield>
  </datafield>
  <datafield tag="300" ind1=" " ind2=" ">
    <subfield code="a">32 pages : </subfield>
    <subfield code="b">color illustrations ; </subfield>
    <subfield code="c">21 cm</subfield>
  </datafield>
  <datafield tag="505" ind1=" " ind2=" ">
    <subfield code="a">G
</subfield>
  </datafield>
  <datafield tag="520" ind1=" " ind2=" ">
    <subfield code="a">1. Jack&#x2019;s Pet &#x2013; A simple, fun story about Jack and his mysterious new pet. The text uses repetitive rhyming patterns to support early reading skills, helping children hear and identify similar word endings.

2. Breakfast Time &#x2013; A cheerful morning story focusing on breakfast foods and routines. It introduces more rhyming word pairs through playful sentences, making reading enjoyable and rhythmic.

Both stories use easy vocabulary, repetition, and rhymes, making them suitable for beginning readers or ELL students.</subfield>
  </datafield>
  <datafield tag="521" ind1="8" ind2=" ">
    <subfield code="a">380
</subfield>
    <subfield code="b">Lexile estimate
</subfield>
  </datafield>
  <datafield tag="521" ind1="8" ind2=" ">
    <subfield code="a">G
</subfield>
    <subfield code="b">Raz-Plus
</subfield>
  </datafield>
  <datafield tag="650" ind1=" " ind2=" ">
    <subfield code="a">Rhyming Words  </subfield>
    <subfield code="v">Beginner Reading  </subfield>
    <subfield code="x">Literacy Skills</subfield>
  </datafield>
  <datafield tag="942" ind1=" " ind2=" ">
    <subfield code="2">ddc</subfield>
    <subfield code="c">BK</subfield>
    <subfield code="n">0</subfield>
  </datafield>
  <datafield tag="999" ind1=" " ind2=" ">
    <subfield code="c">9018</subfield>
    <subfield code="d">9018</subfield>
  </datafield>
  <datafield tag="952" ind1=" " ind2=" ">
    <subfield code="0">0</subfield>
    <subfield code="1">0</subfield>
    <subfield code="2">ddc</subfield>
    <subfield code="4">0</subfield>
    <subfield code="7">0</subfield>
    <subfield code="8">JUVF</subfield>
    <subfield code="a">002</subfield>
    <subfield code="b">002</subfield>
    <subfield code="c">TTP Dark Blue</subfield>
    <subfield code="d">2025-11-14</subfield>
    <subfield code="l">0</subfield>
    <subfield code="o">ANO 372.6</subfield>
    <subfield code="p">FISTKKB121</subfield>
    <subfield code="r">2025-11-14 10:11:58</subfield>
    <subfield code="t">1</subfield>
    <subfield code="w">2025-11-14</subfield>
    <subfield code="y">BK</subfield>
  </datafield>
</record>
